Normal view
MARC view
Entry Nombre personal
001 - NÚMERO DE CONTROL
- campo de control: 78162
003 - IDENTIFICADOR DEL NÚMERO DE CONTROL
- campo de control: BNPHU
005 - FECHA Y HORA DE LA ÚLTIMA TRANSACCIÓN
- campo de control: 20240305124046.0
008 - DATOS DE LONGITUD FIJA
- campo de control de longitud fija: 210317|| aca||aabn | a|a d
040 ## - FUENTE DE LA CATALOGACIÓN
- Centro catalogador/agencia de origen: DO-SdBNP
- Lengua de catalogación: spa
- Centro/agencia transcriptor: BNPHU
- Normas de descripción: rda
082 #4 - SIGNATURA TOPOGRÁFICA DECIMAL DEWEY
- Número de clasificación: 972.9364
- Número de documento/Ítem: M553h
- Volúmenes/fechas a la cual la signatura topográfica aplica: 2022
100 1# - ENCABEZAMIENTO-NOMBRE DE PERSONA
- Nombre de persona: Mercedes Eduardo, Ynocencio
370 ## - LUGAR ASOCIADO
- Lugar de nacimiento: Guáranas , San Francisco de Macorís
374 ## - OCUPACIÓN
- Ocupación: Profesor
400 1# - TRAZADO DE VÉASE--NOMBRE DE PERSONA
- Nombre de persona: Mercedes E., Ynocencio
400 1# - TRAZADO DE VÉASE--NOMBRE DE PERSONA
- Nombre de persona: Eduardo, Ynocencio Mercedes
670 ## - FUENTE DE DATOS ENCONTRADOS
- Cita de la fuente: Mercedes Eduardo, Ynocencio. Historia de la provincia María Trinidad Sánchez y sus municipios,2022
670 ## - FUENTE DE DATOS ENCONTRADOS
- Cita de la fuente: Work cat.: (OSt): Mercedes Eduardo, Ynocencio, Forjadores del desarrollo de nagua, 2020
